000 00387nam a22001577a 4500
003 MACL
005 20151223165259.0
008 151223b xxu||||| |||| 00| 0 eng d
040 _cMACL
041 _aEnglish
100 _aChopra J.K
_9182
245 _aHuman Resource Management
260 _aNew Delhi
_bPublishingn House
_c2010
650 _aHuman Resources
_922595
942 _2ddc
_cBK
999 _c51775
_d51775